000 00310nam a2200133Ia 4500
008 191201s2011 xx 000 0 und d
100 _aTRIPATHY,Nalini Prava
245 0 _aInsurance Theory and Practice
250 _a5th
260 _aN. Delhi
_bPHI
_c2011
300 _a236
650 _aMBA
942 _2ddc
_cBK
999 _c5149
_d5149